[Event "Moscow Open F"]
[Site "?"]
[Date "2017.01.28"]
[Round "2.11"]
[White "Subbotsky, Mikhail"]
[Black "Vasilyev, Vasily"]
[Result "0-1"]
[BlackElo "2320"]
[WhiteElo "2019"]
[LiveChessVersion "1.4.8"]

1. d4 {[%clk 1:30:30]} d5 {[%clk 1:25:47]} 2. c4 {[%clk 1:30:54]} e6
{[%clk 1:25:38]} 3. Nf3 {[%clk 1:31:03]} c6 {[%clk 1:25:48]} 4. cxd5
{[%clk 1:30:59]} exd5 {[%clk 1:26:08]} 5. Qc2 {[%clk 1:31:18]} g6
{[%clk 1:24:55]} 6. Bg5 {[%clk 1:25:28]} Be7 {[%clk 1:25:07]} 7. Bxe7
{[%clk 1:25:31]} Qxe7 {[%clk 1:24:20]} 8. e3 {[%clk 1:25:06]} Bf5
{[%clk 1:24:38]} 9. Bd3 {[%clk 1:24:36]} Bxd3 {[%clk 1:24:13]} 10. Qxd3
{[%clk 1:25:01]} Nf6 {[%clk 1:24:07]} 11. Nc3 {[%clk 1:24:43]} O-O
{[%clk 1:24:14]} 12. O-O {[%clk 1:24:49]} Nbd7 {[%clk 1:24:22]} 13. Nd2
{[%clk 1:19:09]} Rfe8 {[%clk 1:22:50]} 14. Rae1 {[%clk 1:14:08]} Ne4
{[%clk 1:19:07]} 15. f3 {[%clk 1:11:33]} Nxd2 {[%clk 1:06:06]} 16. Qxd2
{[%clk 1:11:54]} Rad8 {[%clk 1:06:19]} 17. e4 {[%clk 1:00:13]} dxe4
{[%clk 1:06:10]} 18. fxe4 {[%clk 1:00:03]} Ne5 {[%clk 1:04:08]} 19. Qe3
{[%clk 0:52:13]} Nc4 {[%clk 0:59:37]} 20. Qf2 {[%clk 0:50:52]} Rf8
{[%clk 0:55:33]} 21. b3 {[%clk 0:39:52]} Qb4 {[%clk 0:53:42]} 22. bxc4
{[%clk 0:35:11]} Qxc3 {[%clk 0:53:57]} 23. d5 {[%clk 0:35:24]} Qxc4
{[%clk 0:53:02]} 24. Qxa7 {[%clk 0:30:50]} cxd5 {[%clk 0:52:34]} 25. Qxb7
{[%clk 0:28:17]} d4 {[%clk 0:52:32]} 26. Qb3 {[%clk 0:24:46]} Qxb3
{[%clk 0:48:36]} 27. axb3 {[%clk 0:25:04]} Rfe8 {[%clk 0:47:55]} 28. Kf2
{[%clk 0:23:01]} Rb8 {[%clk 0:47:41]} 29. Rb1 {[%clk 0:20:34]} Rxe4
{[%clk 0:47:57]} 30. Rfd1 {[%clk 0:19:55]} f5 {[%clk 0:47:54]} 31. Rd3
{[%clk 0:19:00]} Kf7 {[%clk 0:48:05]} 32. Kf3 {[%clk 0:17:20]} Kf6
{[%clk 0:47:03]} 33. Rc1 {[%clk 0:16:20]} Rbe8 {[%clk 0:47:12]} 34. Kf2
{[%clk 0:13:18]} Rf4+ {[%clk 0:46:31]} 35. Kg3 {[%clk 0:10:06]} g5
{[%clk 0:44:33]} 36. Rc4 {[%clk 0:09:00]} Ree4 {[%clk 0:41:25]} 37. b4
{[%clk 0:06:51]} h5 {[%clk 0:41:01]} 38. b5 {[%clk 0:01:58]} Re3+
{[%clk 0:40:33]} 39. Rxe3 {[%clk 0:02:21]} h4+ {[%clk 0:40:58]} 40. Kh3
{[%clk 0:02:43]} dxe3 {[%clk 0:41:25]} 41. Rc6+ {[%clk 0:02:02]} Ke5
{[%clk 0:41:23]} 42. b6 {[%clk 0:02:06]} Rb4 {[%clk 0:41:43]} 0-1

[Event "Moscow Open F"]
[Site "?"]
[Date "2017.01.28"]
[Round "2.12"]
[White "Fotin, Vladimir"]
[Black "Ustich, Ekaterina"]
[Result "1-0"]
[BlackElo "2004"]
[WhiteElo "2315"]
[LiveChessVersion "1.4.8"]

1. d4 {[%clk 1:21:15]} Nf6 {[%clk 1:30:50]} 2. c4 {[%clk 1:21:29]} e6
{[%clk 1:31:12]} 3. Nc3 {[%clk 1:21:47]} Bb4 {[%clk 1:31:03]} 4. e3
{[%clk 1:21:43]} b6 {[%clk 1:30:54]} 5. Nge2 {[%clk 1:21:54]} Ba6
{[%clk 1:30:28]} 6. Qa4 {[%clk 1:09:25]} c5 {[%clk 1:23:30]} 7. a3
{[%clk 1:03:49]} Bxc3+ {[%clk 1:21:38]} 8. Nxc3 {[%clk 1:04:09]} O-O
{[%clk 1:21:38]} 9. d5 {[%clk 0:57:25]} exd5 {[%clk 1:21:01]} 10. cxd5
{[%clk 0:57:44]} Bxf1 {[%clk 1:20:45]} 11. Kxf1 {[%clk 0:58:00]} d6
{[%clk 1:17:12]} 12. f3 {[%clk 0:51:09]} Nbd7 {[%clk 1:13:04]} 13. Kf2
{[%clk 0:47:34]} Ne5 {[%clk 1:12:54]} 14. Rd1 {[%clk 0:47:39]} a6
{[%clk 1:11:04]} 15. e4 {[%clk 0:46:12]} Re8 {[%clk 1:09:28]} 16. Kg1
{[%clk 0:45:25]} h6 {[%clk 1:09:24]} 17. Be3 {[%clk 0:44:43]} Qd7
{[%clk 1:09:08]} 18. Qc2 {[%clk 0:38:06]} b5 {[%clk 1:04:26]} 19. Ne2
{[%clk 0:36:38]} Nc4 {[%clk 0:57:38]} 20. Bf2 {[%clk 0:35:55]} Rac8
{[%clk 0:56:11]} 21. Ng3 {[%clk 0:35:45]} g6 {[%clk 0:54:34]} 22. h4
{[%clk 0:32:00]} Qe7 {[%clk 0:54:14]} 23. a4 {[%clk 0:28:24]} Rb8
{[%clk 0:51:39]} 24. axb5 {[%clk 0:24:15]} axb5 {[%clk 0:51:57]} 25. b4
{[%clk 0:24:26]} Nd7 {[%clk 0:46:13]} 26. h5 {[%clk 0:21:14]} Ra8
{[%clk 0:45:11]} 27. Qb3 {[%clk 0:18:28]} Rxa1 {[%clk 0:37:30]} 28. Rxa1
{[%clk 0:18:48]} Rb8 {[%clk 0:36:44]} 29. Ra7 {[%clk 0:16:09]} Qe8
{[%clk 0:35:46]} 30. bxc5 {[%clk 0:14:15]} dxc5 {[%clk 0:35:20]} 31. hxg6
{[%clk 0:14:26]} fxg6 {[%clk 0:35:40]} 32. f4 {[%clk 0:14:21]} Kh8
{[%clk 0:30:26]} 33. e5 {[%clk 0:13:30]} Ra8 {[%clk 0:30:47]} 34. Rxa8
{[%clk 0:12:34]} Qxa8 {[%clk 0:31:09]} 35. Qc3 {[%clk 0:10:27]} Kh7
{[%clk 0:27:45]} 36. e6 {[%clk 0:10:40]} Ndb6 {[%clk 0:27:29]} 37. Qf6
{[%clk 0:10:10]} Qe8 {[%clk 0:27:38]} 38. Bxc5 {[%clk 0:10:18]} Qg8
{[%clk 0:23:09]} 39. Qf7+ {[%clk 0:09:08]} Qg7 {[%clk 0:23:31]} 40. Ne4
{[%clk 0:08:10]} Nxd5 {[%clk 0:23:28]} 41. Bd4 {[%clk 0:08:28]} 1-0

[Event "Moscow Open F"]
[Site "?"]
[Date "2017.01.28"]
[Round "2.13"]
[White "Volkov, Igor"]
[Black "Kamrukov, Alexey"]
[Result "1/2-1/2"]
[BlackElo "2311"]
[WhiteElo "2008"]
[LiveChessVersion "1.4.8"]

1. d4 {[%clk 1:30:58]} d5 {[%clk 1:30:57]} 2. Nf3 {[%clk 1:31:22]} c6
{[%clk 1:31:19]} 3. c4 {[%clk 1:31:48]} Nf6 {[%clk 1:31:36]} 4. cxd5
{[%clk 1:32:12]} cxd5 {[%clk 1:31:59]} 5. Nc3 {[%clk 1:32:39]} Nc6
{[%clk 1:30:49]} 6. Bf4 {[%clk 1:33:01]} g6 {[%clk 1:18:19]} 7. Rc1
{[%clk 1:32:47]} Bg7 {[%clk 1:16:45]} 8. e3 {[%clk 1:30:28]} O-O {[%clk 1:12:17]}
9. Bd3 {[%clk 1:30:31]} Bg4 {[%clk 1:10:50]} 10. h3 {[%clk 1:29:16]} Bxf3
{[%clk 1:09:21]} 11. Qxf3 {[%clk 1:29:44]} Re8 {[%clk 1:04:03]} 12. O-O
{[%clk 1:29:20]} e5 {[%clk 0:57:47]} 13. dxe5 {[%clk 1:29:32]} Nxe5
{[%clk 0:58:07]} 14. Bxe5 {[%clk 1:24:29]} Rxe5 {[%clk 0:58:33]} 15. Rfd1
{[%clk 1:23:54]} Qb6 {[%clk 0:53:24]} 16. Rc2 {[%clk 1:21:57]} Rd8
{[%clk 0:47:58]} 17. Rcd2 {[%clk 1:20:14]} Rde8 {[%clk 0:34:35]} 18. Bb1
{[%clk 1:02:52]} Ne4 {[%clk 0:23:13]} 19. Rxd5 {[%clk 1:02:03]} Nxc3
{[%clk 0:21:44]} 20. Rxe5 {[%clk 0:59:11]} Bxe5 {[%clk 0:21:30]} 21. bxc3
{[%clk 0:59:37]} Bxc3 {[%clk 0:21:09]} 22. Be4 {[%clk 0:59:38]} Re7
{[%clk 0:19:40]} 23. Rb1 {[%clk 0:59:23]} Qa5 {[%clk 0:17:48]} 24. Rxb7
{[%clk 0:59:26]} Rxb7 {[%clk 0:18:00]} 25. Bxb7 {[%clk 0:59:50]} Qxa2
{[%clk 0:17:37]} 26. Bd5 {[%clk 0:59:59]} Qb1+ {[%clk 0:17:58]} 27. Kh2
{[%clk 1:00:27]} Qb8+ {[%clk 0:18:22]} 28. g3 {[%clk 1:00:08]} Qc7
{[%clk 0:18:23]} 29. e4 {[%clk 0:59:59]} Be5 {[%clk 0:18:01]} 30. Qb3
{[%clk 1:00:16]} a5 {[%clk 0:14:31]} 31. Kg2 {[%clk 0:57:32]} Kg7
{[%clk 0:12:57]} 32. Qb7 {[%clk 0:53:58]} Qxb7 {[%clk 0:11:55]} 33. Bxb7
{[%clk 0:54:18]} a4 {[%clk 0:11:32]} 34. f4 {[%clk 0:53:32]} Bc7 {[%clk 0:11:30]}
35. Kf3 {[%clk 0:53:49]} Kf6 {[%clk 0:11:52]} 36. Bd5 Bb6 37. g4 {[%clk 0:53:58]}
Ke7 {[%clk 0:11:40]} 38. e5 {[%clk 0:53:50]} a3 {[%clk 0:10:55]} 39. f5
{[%clk 0:53:44]} gxf5 {[%clk 0:10:06]} 40. gxf5 {[%clk 0:54:06]} 1/2-1/2

[Event "Moscow Open F"]
[Site "?"]
[Date "2017.01.28"]
[Round "2.14"]
[White "Mingazov, Almaz"]
[Black "Lugovets, Dmitry"]
[Result "1-0"]
[BlackElo "1990"]
[WhiteElo "2303"]
[LiveChessVersion "1.4.8"]

1. d4 {[%clk 1:21:11]} d5 {[%clk 1:30:54]} 2. c4 {[%clk 1:21:35]} e6
{[%clk 1:31:22]} 3. Nf3 {[%clk 1:22:00]} Nf6 {[%clk 1:31:44]} 4. g3
{[%clk 1:22:27]} Be7 {[%clk 1:31:53]} 5. Bg2 {[%clk 1:22:51]} O-O
{[%clk 1:32:18]} 6. O-O {[%clk 1:23:16]} dxc4 {[%clk 1:32:45]} 7. Ne5
{[%clk 1:23:28]} c5 {[%clk 1:33:00]} 8. dxc5 {[%clk 1:23:32]} Bxc5
{[%clk 1:33:18]} 9. Nxc4 {[%clk 1:23:42]} Nc6 {[%clk 1:28:03]} 10. Nc3
{[%clk 1:23:58]} a6 {[%clk 1:20:50]} 11. Bf4 {[%clk 1:21:45]} Nh5
{[%clk 1:20:21]} 12. Qxd8 {[%clk 1:19:30]} Rxd8 {[%clk 1:20:35]} 13. Bc7
{[%clk 1:19:56]} Rd4 {[%clk 1:08:02]} 14. Nb6 {[%clk 1:14:06]} Bxb6
{[%clk 1:08:30]} 15. Bxb6 {[%clk 1:14:31]} Rb4 {[%clk 1:08:20]} 16. Bc5
{[%clk 1:14:56]} Rc4 {[%clk 0:59:32]} 17. Rfd1 {[%clk 1:09:11]} Rxc5
{[%clk 0:47:14]} 18. Bxc6 {[%clk 1:09:36]} g6 {[%clk 0:46:00]} 19. Rd8+
{[%clk 1:09:58]} Kg7 {[%clk 0:46:22]} 20. Bf3 {[%clk 1:09:23]} Nf6
{[%clk 0:44:28]} 21. Na4 {[%clk 1:08:43]} Rc7 {[%clk 0:44:30]} 22. Nb6
{[%clk 1:08:44]} Rb8 {[%clk 0:44:59]} 23. Rxc8 {[%clk 1:05:21]} Rbxc8
{[%clk 0:45:11]} 24. Nxc8 {[%clk 1:05:46]} Rxc8 {[%clk 0:45:37]} 25. Bxb7
{[%clk 1:06:11]} Rb8 {[%clk 0:45:52]} 26. Bxa6 {[%clk 1:06:36]} Rxb2
{[%clk 0:46:20]} 27. a4 {[%clk 1:06:31]} Nd5 {[%clk 0:43:05]} 28. a5
{[%clk 1:05:56]} Nb4 {[%clk 0:26:17]} 29. Bc4 {[%clk 1:05:34]} Nc6
{[%clk 0:25:13]} 30. a6 {[%clk 1:05:48]} Na7 {[%clk 0:25:42]} 31. Rd1
{[%clk 1:05:17]} Rb4 {[%clk 0:25:25]} 32. Bxe6 {[%clk 1:05:01]} Ra4
{[%clk 0:20:41]} 33. Rd7 {[%clk 1:05:03]} Rxa6 {[%clk 0:20:52]} 34. Rxf7+
{[%clk 1:05:16]} Kh6 {[%clk 0:21:17]} 35. Bc4 {[%clk 1:05:37]} Ra4
{[%clk 0:20:43]} 36. Rc7 {[%clk 1:05:58]} Ra1+ {[%clk 0:20:52]} 37. Kg2
{[%clk 1:06:23]} Rc1 {[%clk 0:21:18]} 38. Rxa7 {[%clk 1:06:47]} Rxc4
{[%clk 0:21:46]} 39. h4 {[%clk 1:07:02]} Rc5 {[%clk 0:21:32]} 40. f4
{[%clk 1:07:15]} Rc3 {[%clk 0:21:44]} 41. e4 {[%clk 1:07:20]} Rc2+
{[%clk 0:21:25]} 42. Kf3 {[%clk 1:07:42]} Rc3+ {[%clk 0:21:47]} 43. Kg4
{[%clk 1:08:06]} Re3 {[%clk 0:22:08]} 44. e5 {[%clk 1:08:32]} Re1
{[%clk 0:22:26]} 45. Kf3 {[%clk 1:08:36]} Rf1+ {[%clk 0:22:48]} 46. Kg2
{[%clk 1:08:56]} Re1 {[%clk 0:23:04]} 47. g4 {[%clk 1:09:19]} Re3
{[%clk 0:23:19]} 48. Rf7 {[%clk 1:09:16]} Re4 {[%clk 0:23:23]} 49. Kf3
{[%clk 1:09:27]} 1-0

[Event "Moscow Open F"]
[Site "?"]
[Date "2017.01.28"]
[Round "2.15"]
[White "Aseeva, Anastasia"]
[Black "Lojko, Alexej"]
[Result "*"]
[BlackElo "2273"]
[WhiteElo "2002"]
[LiveChessVersion "1.4.8"]

1. d4 d5 2. Nf3 e6 3. g3 c5 4. c4 Nc6 5. cxd5 exd5 6. Bg2 Nf6 7. O-O cxd4 8. Nxd4
Be7 9. Nc3 O-O 10. Bf4 Qb6 11. Nb3 Rd8 12. a4 d4 13. Nb5 Ne8 14. Qd3 a6 15. Na3
Nb4 16. Qf3 Be6 17. a5 Qa7 18. e4 dxe3 19. Bxe3 Qb8 20. Nd4 Bd5 21. Qe2 Bxg2 22.
Kxg2 Qe5 23. Nc4 Qd5+ 24. Kg1 Bc5 25. Rad1 Qe4 26. Nd2 Qe7 27. N2b3 Ba7 28. Qf3
Nd6 29. Rfe1 Qe4 30. Qh5 Qg6 31. Qxg6 hxg6 32. Bg5 f6 33. Bf4 Nd5 34. Ne6 Nxf4
35. Nxd8 Nh3+ 36. Kg2 Rxd8 37. Kxh3 Kf7 38. Kg2 b6 39. Nd4 Rc8 40. Rc1 bxa5 41.
Rxc8 Nxc8 42. Ne6 *

[Event "Moscow Open F"]
[Site "?"]
[Date "2017.01.28"]
[Round "2.16"]
[White "Pahomov, Ruslan"]
[Black "Orshonova, Elena"]
[Result "1-0"]
[BlackElo "1968"]
[WhiteElo "2270"]
[LiveChessVersion "1.4.8"]

1. Nf3 {[%clk 1:30:58]} Nf6 {[%clk 1:30:08]} 2. c4 {[%clk 1:28:50]} g6
{[%clk 1:30:25]} 3. g3 {[%clk 1:29:14]} Bg7 {[%clk 1:30:52]} 4. Bg2
{[%clk 1:29:39]} O-O {[%clk 1:31:20]} 5. O-O {[%clk 1:30:05]} d6 {[%clk 1:31:43]}
6. Nc3 {[%clk 1:30:28]} Nbd7 {[%clk 1:31:17]} 7. d4 {[%clk 1:30:45]} e5
{[%clk 1:31:16]} 8. b3 {[%clk 1:26:21]} Re8 {[%clk 1:29:18]} 9. dxe5
{[%clk 1:25:33]} dxe5 {[%clk 1:29:24]} 10. e4 {[%clk 1:20:23]} c6
{[%clk 1:27:01]} 11. Bh3 {[%clk 1:16:49]} Nc5 {[%clk 1:22:11]} 12. Bxc8
{[%clk 1:16:10]} Rxc8 {[%clk 1:19:44]} 13. Qc2 {[%clk 1:10:22]} Nfd7
{[%clk 1:18:33]} 14. Be3 {[%clk 1:08:36]} a5 {[%clk 1:06:50]} 15. Rad1
{[%clk 1:07:14]} Qe7 {[%clk 1:06:06]} 16. Rd2 {[%clk 1:06:21]} h6
{[%clk 0:58:14]} 17. Rfd1 {[%clk 1:05:54]} Bf8 {[%clk 0:54:10]} 18. Na4
{[%clk 1:02:48]} Qe6 {[%clk 0:41:56]} 19. Kg2 {[%clk 0:59:19]} b5
{[%clk 0:32:18]} 20. Nxc5 {[%clk 0:53:43]} Nxc5 {[%clk 0:32:41]} 21. Bxc5
{[%clk 0:51:50]} Bxc5 {[%clk 0:33:07]} 22. cxb5 {[%clk 0:51:48]} cxb5
{[%clk 0:33:32]} 23. Rd5 {[%clk 0:51:24]} Bd4 {[%clk 0:08:27]} 24. Qd2
{[%clk 0:49:49]} Kg7 {[%clk 0:07:07]} 25. Nxd4 {[%clk 0:48:22]} exd4
{[%clk 0:07:34]} 26. Qxd4+ {[%clk 0:48:43]} Kh7 {[%clk 0:08:02]} 27. Rxb5
{[%clk 0:47:59]} Qxe4+ {[%clk 0:07:41]} 28. Qxe4 {[%clk 0:48:24]} Rxe4
{[%clk 0:08:08]} 29. Rxa5 {[%clk 0:47:04]} Rc7 {[%clk 0:08:13]} 30. Rad5
{[%clk 0:46:53]} Kg7 {[%clk 0:08:33]} 31. Rd7 {[%clk 0:46:52]} Rc6
{[%clk 0:08:48]} 32. R1d4 {[%clk 0:46:43]} Re2 {[%clk 0:09:00]} 33. Rf4
{[%clk 0:46:52]} 1-0

[Event "Moscow Open F"]
[Site "?"]
[Date "2017.01.28"]
[Round "2.17"]
[White "Pavlova, Natalia"]
[Black "Volodin, Ivan"]
[Result "*"]
[BlackElo "2265"]
[WhiteElo "1969"]
[LiveChessVersion "1.4.8"]

1. Nf3 {[%clk 1:30:57]} c5 {[%clk 1:27:07]} 2. g3 {[%clk 1:31:13]} Nc6
{[%clk 1:27:10]} 3. c4 {[%clk 1:30:12]} e5 {[%clk 1:24:55]} 4. Nc3
{[%clk 1:30:17]} g6 {[%clk 1:23:22]} 5. Bg2 {[%clk 1:30:25]} Bg7 {[%clk 1:23:37]}
6. O-O {[%clk 1:30:02]} Nge7 {[%clk 1:23:35]} 7. d3 {[%clk 1:20:29]} O-O
{[%clk 1:23:15]} 8. Nd5 {[%clk 1:09:29]} d6 {[%clk 1:12:42]} 9. Ne1
{[%clk 1:01:08]} Nxd5 {[%clk 1:08:20]} 10. cxd5 {[%clk 1:00:36]} Nb8
{[%clk 1:06:54]} 11. Bd2 {[%clk 0:58:03]} Nd7 {[%clk 1:04:25]} 12. b4
{[%clk 0:46:24]} f5 {[%clk 0:46:34]} 13. Rb1 {[%clk 0:41:18]} Nf6
{[%clk 0:35:11]} 14. Qc1 {[%clk 0:38:36]} b6 {[%clk 0:31:02]} 15. Bh6
{[%clk 0:37:04]} Bb7 {[%clk 0:28:01]} 16. Bxg7 {[%clk 0:32:48]} Kxg7
{[%clk 0:28:23]} 17. e4 {[%clk 0:29:27]} fxe4 {[%clk 0:22:18]} 18. dxe4
{[%clk 0:29:43]} cxb4 {[%clk 0:21:31]} 19. Rxb4 {[%clk 0:19:50]} Ba6
{[%clk 0:19:06]} 20. Nf3 {[%clk 0:20:15]} Rc8 {[%clk 0:05:00]} 21. Qd2
{[%clk 0:17:23]} h6 {[%clk 0:04:10]} 22. Rc1 {[%clk 0:14:43]} Rxc1+
{[%clk 0:04:01]} 23. Qxc1 {[%clk 0:15:10]} Qd7 {[%clk 0:02:45]} 24. Qa3
{[%clk 0:08:26]} Be2 {[%clk 0:02:51]} 25. Qe3 {[%clk 0:08:33]} Bxf3
{[%clk 0:02:31]} 26. Bxf3 {[%clk 0:08:50]} Rc8 {[%clk 0:02:54]} 27. Kg2
{[%clk 0:03:05]} Rc5 {[%clk 0:03:13]} 28. Qb3 {[%clk 0:01:33]} Qc7
{[%clk 0:03:21]} 29. a4 {[%clk 0:01:06]} Rc2 {[%clk 0:01:05]} 30. a5
{[%clk 0:01:09]} Qc5 {[%clk 0:01:09]} *

[Event "Moscow Open F"]
[Site "?"]
[Date "2017.01.28"]
[Round "2.19"]
[White "Grigorieva, Daria"]
[Black "Zhileykin, Andrey"]
[Result "0-1"]
[BlackElo "2259"]
[WhiteElo "1966"]
[LiveChessVersion "1.4.8"]

1. e4 {[%clk 1:30:30]} c5 {[%clk 1:26:32]} 2. g3 {[%clk 1:29:55]} Nc6
{[%clk 1:26:27]} 3. Bg2 {[%clk 1:30:19]} g6 {[%clk 1:26:47]} 4. d3
{[%clk 1:30:39]} Bg7 {[%clk 1:27:07]} 5. f4 {[%clk 1:30:59]} d6 {[%clk 1:26:13]}
6. Nf3 {[%clk 1:31:11]} Nf6 {[%clk 1:26:39]} 7. Nc3 {[%clk 1:30:50]} Rb8
{[%clk 1:26:59]} 8. O-O {[%clk 1:28:22]} O-O {[%clk 1:23:18]} 9. h3
{[%clk 1:26:05]} b5 {[%clk 1:23:44]} 10. g4 {[%clk 1:19:58]} b4 {[%clk 1:24:03]}
11. Ne2 {[%clk 1:19:07]} a5 {[%clk 1:24:26]} 12. Rb1 {[%clk 1:08:14]} a4
{[%clk 1:24:48]} 13. b3 {[%clk 1:02:55]} Qb6 {[%clk 1:25:12]} 14. Kh1
{[%clk 1:01:43]} a3 {[%clk 1:15:11]} 15. Ng3 {[%clk 0:40:42]} Na7
{[%clk 1:06:25]} 16. g5 {[%clk 0:39:05]} Nd7 {[%clk 1:06:29]} 17. Be3
{[%clk 0:36:42]} Nb5 {[%clk 1:06:17]} 18. Ne2 {[%clk 0:37:06]} Bb7
{[%clk 1:06:09]} 19. h4 {[%clk 0:36:28]} d5 {[%clk 1:02:11]} 20. e5
{[%clk 0:36:05]} d4 {[%clk 1:02:12]} 21. Bd2 {[%clk 0:36:01]} Qe6
{[%clk 1:01:02]} 22. Kh2 {[%clk 0:33:18]} Nc3 {[%clk 1:00:55]} 23. Bxc3
{[%clk 0:32:39]} bxc3 {[%clk 1:00:55]} 24. Bh3 {[%clk 0:31:47]} Qc6
{[%clk 1:00:39]} 25. Ng3 {[%clk 0:31:44]} Qc7 {[%clk 1:00:12]} 26. Qe2
{[%clk 0:31:25]} Nb6 {[%clk 0:59:53]} 27. f5 {[%clk 0:29:22]} Bxf3
{[%clk 0:58:57]} 28. Rxf3 Qxe5 {[%clk 0:58:40]} 29. Qf2 {[%clk 0:30:02]} Nd5
{[%clk 0:58:28]} 30. Re1 {[%clk 0:30:03]} Qd6 {[%clk 0:56:05]} 31. Kg1
{[%clk 0:29:51]} Qc6 {[%clk 0:54:14]} 32. Bg2 {[%clk 0:29:33]} Qc7
{[%clk 0:50:24]} 33. Nf1 {[%clk 0:27:50]} Qd8 {[%clk 0:46:43]} 34. Rh3
{[%clk 0:25:46]} Ne3 {[%clk 0:41:43]} 35. Nxe3 {[%clk 0:21:57]} dxe3
{[%clk 0:42:06]} 36. Qf3 {[%clk 0:21:36]} c4 {[%clk 0:37:52]} 37. fxg6
{[%clk 0:16:57]} cxd3 {[%clk 0:36:25]} 38. gxh7+ {[%clk 0:17:06]} Kh8
{[%clk 0:36:39]} 39. cxd3 {[%clk 0:13:09]} c2 {[%clk 0:36:50]} 40. Kh1
{[%clk 0:11:57]} Qxd3 {[%clk 0:36:17]} 41. h5 {[%clk 0:02:17]} Rbc8
{[%clk 0:35:46]} 42. Rc1 {[%clk 0:00:37]} Qd2 {[%clk 0:34:16]} 43. Qxe3
{[%clk 0:00:35]} Qxc1+ {[%clk 0:34:39]} 44. Qxc1 {[%clk 0:01:01]} Bb2
{[%clk 0:35:03]} 45. g6 {[%clk 0:00:33]} Bxc1 {[%clk 0:35:08]} 46. Be4
{[%clk 0:00:54]} Bh6 {[%clk 0:35:23]} 0-1

[Event "Moscow Open F"]
[Site "?"]
[Date "2017.01.28"]
[Round "2.20"]
[White "Bayarmaa, Bayarjargal"]
[Black "Aleev, Aleksandr"]
[Result "1-0"]
[BlackElo "1960"]
[WhiteElo "2236"]
[LiveChessVersion "1.4.8"]

1. d4 {[%clk 1:22:15]} d5 {[%clk 1:29:13]} 2. c4 {[%clk 1:18:57]} e6
{[%clk 1:29:37]} 3. Nc3 {[%clk 1:19:24]} Nf6 {[%clk 1:30:01]} 4. Bg5
{[%clk 1:19:48]} Be7 {[%clk 1:30:25]} 5. e3 {[%clk 1:20:09]} h6 {[%clk 1:30:25]}
6. Bh4 {[%clk 1:20:33]} c6 {[%clk 1:29:46]} 7. Nf3 {[%clk 1:20:40]} Nbd7
{[%clk 1:29:51]} 8. cxd5 {[%clk 1:19:23]} exd5 {[%clk 1:29:58]} 9. Bd3
{[%clk 1:19:46]} O-O {[%clk 1:30:13]} 10. O-O {[%clk 1:20:00]} Re8
{[%clk 1:30:34]} 11. Qc2 {[%clk 1:15:50]} b5 {[%clk 1:29:13]} 12. Rfe1
{[%clk 1:08:33]} Bb7 {[%clk 1:25:46]} 13. Bg3 {[%clk 0:56:11]} Nb6
{[%clk 1:21:23]} 14. Rad1 {[%clk 0:46:21]} b4 {[%clk 1:19:16]} 15. Na4
{[%clk 0:35:47]} Ne4 {[%clk 1:17:11]} 16. Nc5 {[%clk 0:33:46]} Bxc5
{[%clk 1:13:56]} 17. dxc5 {[%clk 0:33:26]} Nd7 {[%clk 1:13:45]} 18. Bxe4
{[%clk 0:32:21]} Rxe4 {[%clk 1:14:07]} 19. Rd4 {[%clk 0:29:17]} Qe8
{[%clk 1:12:52]} 20. Red1 {[%clk 0:27:07]} Re6 {[%clk 1:12:24]} 21. Rxb4
{[%clk 0:27:12]} Bc8 {[%clk 1:11:55]} 22. Nd4 {[%clk 0:26:06]} Rg6
{[%clk 1:11:01]} 23. Nf5 {[%clk 0:24:42]} Nf6 {[%clk 1:09:01]} 24. Nd6
{[%clk 0:24:53]} Qe7 {[%clk 1:06:50]} 25. Qa4 {[%clk 0:24:32]} Bg4
{[%clk 1:04:41]} 26. Qxc6 {[%clk 0:22:14]} Bxd1 {[%clk 1:04:53]} 27. Qxa8+
{[%clk 0:22:35]} Kh7 {[%clk 1:04:58]} 28. Qb7 {[%clk 0:17:49]} Qe6
{[%clk 1:03:20]} 29. Qxa7 {[%clk 0:16:19]} Ne4 {[%clk 1:02:40]} 30. Rd4
{[%clk 0:14:38]} Qg4 {[%clk 1:01:35]} 31. Nxe4 {[%clk 0:12:17]} Qe2
{[%clk 1:01:02]} 32. h3 {[%clk 0:12:18]} dxe4 {[%clk 1:01:14]} 33. Qd7
{[%clk 0:12:01]} Qe1+ {[%clk 1:00:37]} 34. Kh2 {[%clk 0:12:22]} Be2
{[%clk 1:00:57]} 35. a4 {[%clk 0:12:02]} Rf6 {[%clk 0:57:42]} 36. Rxe4
{[%clk 0:11:17]} g5 {[%clk 0:56:57]} 37. c6 {[%clk 0:09:47]} Kg6 {[%clk 0:52:31]}
38. c7 {[%clk 0:09:54]} Rxf2 {[%clk 0:52:56]} 39. Bxf2 {[%clk 0:10:12]} Qxf2
{[%clk 0:53:19]} 40. Qd6+ {[%clk 0:09:57]} 1-0

[Event "Moscow Open F"]
[Site "?"]
[Date "2017.01.28"]
[Round "2.21"]
[White "Ivanov, Maxim"]
[Black "Nasybullina, Alfia"]
[Result "*"]
[BlackElo "2219"]
[WhiteElo "1964"]
[LiveChessVersion "1.4.8"]

1. f4 {[%clk 1:30:56]} d5 {[%clk 1:29:53]} 2. Nf3 {[%clk 1:31:19]} g6
{[%clk 1:29:39]} 3. e3 {[%clk 1:26:39]} Bg7 {[%clk 1:30:00]} 4. d4
{[%clk 1:27:03]} Nh6 {[%clk 1:29:05]} 5. c4 {[%clk 1:26:16]} c6 {[%clk 1:27:29]}
6. Nc3 {[%clk 1:26:28]} O-O {[%clk 1:27:50]} 7. Be2 {[%clk 1:23:55]} Nf5
{[%clk 1:26:34]} 8. g4 {[%clk 1:17:01]} Nd6 {[%clk 1:25:34]} 9. c5
{[%clk 1:17:01]} Ne4 {[%clk 1:25:34]} 10. Nxe4 {[%clk 1:17:01]} dxe4
{[%clk 1:25:34]} 11. Ng5 {[%clk 1:17:01]} b6 {[%clk 1:25:34]} 12. cxb6
{[%clk 1:17:01]} axb6 {[%clk 1:25:34]} 13. O-O {[%clk 1:17:01]} Qd7
{[%clk 1:25:34]} 14. Qc2 {[%clk 1:17:01]} Ba6 {[%clk 1:25:34]} 15. Bxa6
{[%clk 1:17:01]} Nxa6 {[%clk 1:25:34]} 16. Qxe4 {[%clk 1:17:01]} *